दिल्ली का चिराग़ / (Record no. 117820)

MARC details
000 -LEADER
fixed length control field 01115nam a22002777a 4500
003 - CONTROL NUMBER IDENTIFIER
control field dpl
005 - DATE AND TIME OF LATEST TRANSACTION
control field 20180911132123.0
008 - FIXED-LENGTH DATA ELEMENTS--GENERAL INFORMATION
fixed length control field 180911b xxu||||| |||| 00| 0 eng d
010 ## - LIBRARY OF CONGRESS CONTROL NUMBER
LC control number A-922341
020 ## - INTERNATIONAL STANDARD BOOK NUMBER
Terms of availability 80.00
035 ## - SYSTEM CONTROL NUMBER
System control number A-922341, A-922368
037 ## - SOURCE OF ACQUISITION
Source of stock number/acquisition Cen Lib/Ret
040 ## - CATALOGING SOURCE
Original cataloging agency DPL
Language of cataloging HN
Transcribing agency 0
082 ## - DEWEY DECIMAL CLASSIFICATION NUMBER
Classification number 921
Item number बलोदी
100 ## - MAIN ENTRY--PERSONAL NAME
Personal name बलोदी, अनसूर्याप्रसाद
9 (RLIN) 45068
245 ## - TITLE STATEMENT
Title दिल्ली का चिराग़ /
Statement of responsibility, etc अनसूर्याप्रसाद बलोदी
246 ## - VARYING FORM OF TITLE
Title proper/short title Dilli ka chirag /
Remainder of title by Ansuryaprasad Balodi
260 ## - PUBLICATION, DISTRIBUTION, ETC. (IMPRINT)
Place of publication, distribution, etc दिल्ली
Name of publisher, distributor, etc मौलिक साहित्य प्रकाशन
Date of publication, distribution, etc 1997
270 ## - ADDRESS
City दिल्ली
Address 162 डी, कमला नगर
Postal code 110007
300 ## - PHYSICAL DESCRIPTION
Extent 84पृ.
Dimensions 20सेमी(सजिल्द)
650 ## - SUBJECT ADDED ENTRY--TOPICAL TERM
Topical term or geographic name as entry element हिन्दी -- साहित्य
9 (RLIN) 76981
650 ## - SUBJECT ADDED ENTRY--TOPICAL TERM
Topical term or geographic name as entry element हिन्दी -- पद्य
9 (RLIN) 1413
650 ## - SUBJECT ADDED ENTRY--TOPICAL TERM
Topical term or geographic name as entry element Hindi literature
9 (RLIN) 76982
650 ## - SUBJECT ADDED ENTRY--TOPICAL TERM
Topical term or geographic name as entry element Hindi - Verse
9 (RLIN) 76983
942 ## - ADDED ENTRY ELEMENTS (KOHA)
Source of classification or shelving scheme Dewey Decimal Classification
Koha item type Hindi Books
Classification part 921
Call number suffix बलोदी
Holdings
Withdrawn status Lost status Damaged status Not for loan Home library Current library Date acquired Source of acquisition Cost, normal purchase price Total Checkouts Full call number Barcode Date last seen Copy number Cost, replacement price Price effective from Koha item type Source of classification or shelving scheme Collection code
        Central Library Central Library 08/09/2015 Cen Lib/Ret 80.00   921 बलोदी A-922341 08/09/2015 1 80.00 08/09/2015 Hindi Books    
        Shahdara Branch Shahdara Branch 11/09/2018 BPPD/PUB 80.00   921 बलोदी A-922368 11/09/2018   80.00 11/09/2018 Hindi Books Dewey Decimal Classification Fiction

© Delhi Public Library
Hit Counter
free hit counter